[Event "36. Copenhagen Open (Politiken Cup)"]
[Site "Elsinore"]
[Date "2014.07.22"]
[Round "2"]
[White "Rossen, Claus"]
[Black "Carstensen, Jacob"]
[Result "1/2-1/2"]
[WhiteElo "2123"]
[BlackElo "2375"]
[PlyCount "34"]
[EventDate "2014.07.21"]
[EventType "swiss"]
[EventRounds "10"]
[EventCountry "DEN"]
[Source "ChessBase"]
[SourceDate "2014.08.29"]

1. e4 c5 2. Nf3 d6 3. d4 cxd4 4. Nxd4 Nf6 5. Nc3 a6 6. h3 g6 7. g4 Bg7 8. Be3
d5 9. e5 Ne4 10. Nxe4 dxe4 11. e6 fxe6 12. Bc4 Qd6 13. c3 e5 14. Ne6 Bxe6 15.
Qxd6 exd6 16. Bxe6 Nd7 17. Bd5 O-O-O 1/2-1/2

[Event "36. Copenhagen Open (Politiken Cup)"]
[Site "Elsinore"]
[Date "2014.07.22"]
[Round "2"]
[White "Royset, Pal"]
[Black "Alfven, Jorgen"]
[Result "1-0"]
[WhiteElo "2208"]
[BlackElo "1883"]
[PlyCount "81"]
[EventDate "2014.07.21"]
[EventType "swiss"]
[EventRounds "10"]
[EventCountry "DEN"]
[Source "ChessBase"]
[SourceDate "2014.08.29"]

1. e4 c5 2. Nc3 Nc6 3. f4 d6 4. Bb5 Bd7 5. Nf3 g6 6. O-O Bg7 7. d3 e6 8. f5 Nd4
9. Bxd7+ Qxd7 10. Bg5 h6 11. Bh4 exf5 12. exf5 Nxf5 13. Nd5 g5 14. Qe2+ Kf8 15.
Bg3 Nxg3 16. hxg3 Ne7 17. Qe4 Re8 18. c3 Nc6 19. Qa4 b5 20. Qxb5 Rb8 21. Qa6
Rxb2 22. Rab1 Nb8 23. Qc4 Rb7 24. Nd2 Nc6 25. Qa4 Be5 26. Rxb7 Qxb7 27. Rb1 Qc8
28. Ne4 Kg7 29. Ne3 Re8 30. g4 Kg6 31. Nf5 Re6 32. Qc4 Na5 33. Qd5 Qc7 34. g3
Nc6 35. Kg2 Ne7 36. Qa8 Nxf5 37. gxf5+ Kxf5 38. Rb7 Qa5 39. Rxf7+ Kg4 40. Nf6+
Rxf6 41. Rxf6 1-0

[Event "36. Copenhagen Open (Politiken Cup)"]
[Site "Elsinore"]
[Date "2014.07.22"]
[Round "2"]
[White "Rydstrom, Tom"]
[Black "Pallesen, Jacob"]
[Result "1-0"]
[WhiteElo "2234"]
[BlackElo "2031"]
[PlyCount "47"]
[EventDate "2014.07.21"]
[EventType "swiss"]
[EventRounds "10"]
[EventCountry "DEN"]
[Source "ChessBase"]
[SourceDate "2014.08.29"]

1. e4 g6 2. d4 Bg7 3. Nc3 c6 4. Be3 d5 5. Qd2 dxe4 6. Nxe4 Nd7 7. O-O-O Ngf6 8.
f3 Qc7 9. h4 Nd5 10. Bh6 Bxh6 11. Qxh6 Qf4+ 12. Qxf4 Nxf4 13. c4 O-O 14. g3 Nh5
15. g4 Nf4 16. Ng3 e5 17. h5 exd4 18. Rxd4 g5 19. Ne4 f5 20. gxf5 Rxf5 21. Nh3
h6 22. Nd6 Ne5 23. Nxf5 Bxf5 24. Nxf4 1-0

[Event "36. Copenhagen Open (Politiken Cup)"]
[Site "Elsinore"]
[Date "2014.07.22"]
[Round "2"]
[White "Sajjadi, Kimiya"]
[Black "Bohman, Leif"]
[Result "1/2-1/2"]
[WhiteElo "1531"]
[BlackElo "1866"]
[PlyCount "43"]
[EventDate "2014.07.21"]
[EventType "swiss"]
[EventRounds "10"]
[EventCountry "DEN"]
[Source "ChessBase"]
[SourceDate "2014.08.29"]

1. d4 d5 2. c4 c6 3. Nc3 e6 4. Bf4 Nf6 5. e3 Nbd7 6. Nf3 Be7 7. Bd3 Nf8 8. h3
Ng6 9. Bh2 Nd7 10. O-O a5 11. a4 Nb6 12. c5 Nd7 13. Na2 b6 14. cxb6 Qxb6 15.
Rb1 Ba6 16. Bxa6 Qxa6 17. b4 axb4 18. Nxb4 Bxb4 19. Rxb4 O-O 20. Qb1 Rfc8 21.
Rc1 Ndf8 22. Bd6 1/2-1/2

[Event "36. Copenhagen Open (Politiken Cup)"]
[Site "Elsinore"]
[Date "2014.07.22"]
[Round "2"]
[White "Schandorff, Lars"]
[Black "Thybo, Jesper Sondergaard"]
[Result "1-0"]
[WhiteElo "2529"]
[BlackElo "2121"]
[PlyCount "65"]
[EventDate "2014.07.21"]
[EventType "swiss"]
[EventRounds "10"]
[EventCountry "DEN"]
[Source "ChessBase"]
[SourceDate "2014.08.29"]

1. d4 Nf6 2. c4 g6 3. Nc3 Bg7 4. e4 d6 5. Be2 O-O 6. Bg5 Na6 7. f4 c5 8. d5 Qa5
9. Qd2 e6 10. Nf3 exd5 11. cxd5 Bg4 12. O-O Rfe8 13. h3 Bxf3 14. Bxf3 c4 15.
Rae1 Nd7 16. Bg4 Nac5 17. Kh1 b5 18. e5 h6 19. Bh4 dxe5 20. Bxd7 Nxd7 21. fxe5
Nxe5 22. d6 g5 23. Bg3 Nd3 24. Rxe8+ Rxe8 25. Qd1 b4 26. Qf3 f5 27. Qc6 Rf8 28.
Qxc4+ Kh8 29. Qxd3 bxc3 30. Be1 Qxa2 31. Bxc3 Qe6 32. Re1 Qg6 33. d7 1-0

[Event "36. Copenhagen Open (Politiken Cup)"]
[Site "Elsinore"]
[Date "2014.07.22"]
[Round "2"]
[White "Schmidt, Horst Hubert"]
[Black "Rasmussen, Lars"]
[Result "1-0"]
[WhiteElo "1767"]
[BlackElo "1984"]
[PlyCount "47"]
[EventDate "2014.07.21"]
[EventType "swiss"]
[EventRounds "10"]
[EventCountry "DEN"]
[Source "ChessBase"]
[SourceDate "2014.08.29"]

1. d4 Nf6 2. c4 e6 3. Nc3 Bb4 4. e3 O-O 5. Nf3 d5 6. Bd2 b6 7. cxd5 exd5 8. Be2
Re8 9. O-O Bf5 10. Rc1 Bxc3 11. bxc3 Nbd7 12. c4 c5 13. cxd5 Nxd5 14. Bb5 Rc8
15. Qa4 Re7 16. Ba6 Rc7 17. Rfd1 cxd4 18. exd4 Nb8 19. Bc4 Bd7 20. Qb3 Bc6 21.
Bg5 f6 22. Bf4 Rcd7 23. Bd3 Kh8 24. Bxb8 1-0

[Event "36. Copenhagen Open (Politiken Cup)"]
[Site "Elsinore"]
[Date "2014.07.22"]
[Round "2"]
[White "Schroeder, Jan Christian"]
[Black "Hvenekilde, Jorgen"]
[Result "1-0"]
[WhiteElo "2370"]
[BlackElo "2122"]
[PlyCount "67"]
[EventDate "2014.07.21"]
[EventType "swiss"]
[EventRounds "10"]
[EventCountry "DEN"]
[Source "ChessBase"]
[SourceDate "2014.08.29"]

1. e4 d6 2. d4 g6 3. Nc3 Bg7 4. Be3 a6 5. a4 b6 6. Nf3 e6 7. Qd2 h6 8. Bd3 Ne7
9. Ne2 Bb7 10. Ng3 Nd7 11. c3 c5 12. O-O Qc7 13. h3 Rd8 14. b4 cxb4 15. cxb4
Rc8 16. Rac1 Qd8 17. Rxc8 Nxc8 18. Rc1 Ne7 19. Qc3 Bc8 20. Bf1 O-O 21. Qc7 Qxc7
22. Rxc7 Rd8 23. Bf4 e5 24. dxe5 dxe5 25. Be3 Kf8 26. Bc4 Ke8 27. Kf1 Bf8 28.
b5 a5 29. Ke2 f5 30. exf5 Nxf5 31. Nxf5 gxf5 32. Bxb6 Bd6 33. Bxa5 e4 34. Nd2
1-0

[Event "36. Copenhagen Open (Politiken Cup)"]
[Site "Elsinore"]
[Date "2014.07.22"]
[Round "2"]
[White "Seegers, Hendrik"]
[Black "Matlakov, Maxim"]
[Result "0-1"]
[WhiteElo "2196"]
[BlackElo "2685"]
[PlyCount "68"]
[EventDate "2014.07.21"]
[EventType "swiss"]
[EventRounds "10"]
[EventCountry "DEN"]
[Source "ChessBase"]
[SourceDate "2014.08.29"]

1. d4 Nf6 2. Nf3 e6 3. Bf4 c5 4. c3 Nc6 5. e3 Nh5 6. Bg5 Qb6 7. Qb3 h6 8. Qxb6
axb6 9. Bh4 g5 10. Bg3 Nxg3 11. hxg3 Bg7 12. Na3 d5 13. Bd3 Ke7 14. O-O Bd7 15.
Rfe1 f5 16. Nc2 Bf6 17. a3 h5 18. c4 h4 19. Rad1 hxg3 20. fxg3 dxc4 21. Bxc4 g4
22. Nh2 Na5 23. Ba2 Ba4 24. Re2 Rad8 25. b4 Nc6 26. bxc5 bxc5 27. Rb1 cxd4 28.
Rxb7+ Rd7 29. Rxd7+ Kxd7 30. Ne1 dxe3 31. Nf1 Bb5 32. Rc2 Bd4 33. Nh2 e2+ 34.
Kh1 Bf2 0-1

[Event "36. Copenhagen Open (Politiken Cup)"]
[Site "Elsinore"]
[Date "2014.07.22"]
[Round "2"]
[White "Semcesen, Daniel"]
[Black "Olofsson Dolk, Mattis"]
[Result "1/2-1/2"]
[WhiteElo "2471"]
[BlackElo "2143"]
[PlyCount "82"]
[EventDate "2014.07.21"]
[EventType "swiss"]
[EventRounds "10"]
[EventCountry "DEN"]
[Source "ChessBase"]
[SourceDate "2014.08.29"]

1. e4 c5 2. Nf3 d6 3. Bc4 Nf6 4. d3 e6 5. Bb3 Be7 6. O-O O-O 7. c3 b6 8. Re1
Bb7 9. Bc2 Nbd7 10. d4 Re8 11. Nbd2 cxd4 12. cxd4 Rc8 13. Bd3 Rc7 14. Nf1 Qa8
15. Ng3 d5 16. e5 Ne4 17. a3 a5 18. h4 Nxg3 19. fxg3 Ba6 20. Bb1 Rec8 21. Bf4
Nf8 22. h5 Qc6 23. Kh2 Qb5 24. Qd2 a4 25. g4 Rb8 26. Qf2 Rbc8 27. Re3 Qd7 28.
Qd2 Qd8 29. Kg3 h6 30. b4 Nh7 31. Qd1 Bb5 32. Bd3 Bxd3 33. Rxd3 b5 34. Qe2 Bg5
35. Rad1 Bxf4+ 36. Kxf4 Ng5 37. Nxg5 Qxg5+ 38. Kg3 Rc2 39. Qf3 R8c4 40. Rf1 Qe7
41. Qf4 Rc7 1/2-1/2

[Event "36. Copenhagen Open (Politiken Cup)"]
[Site "Elsinore"]
[Date "2014.07.22"]
[Round "2"]
[White "Skjoldager, Mikael"]
[Black "Englert, Fabian"]
[Result "0-1"]
[WhiteElo "2078"]
[BlackElo "2304"]
[PlyCount "134"]
[EventDate "2014.07.21"]
[EventType "swiss"]
[EventRounds "10"]
[EventCountry "DEN"]
[Source "ChessBase"]
[SourceDate "2014.08.29"]

1. d4 d5 2. c4 dxc4 3. e3 e5 4. Bxc4 Nc6 5. d5 Nce7 6. Nc3 a6 7. Nf3 Ng6 8. e4
Bc5 9. b4 Ba7 10. O-O Nf6 11. Bb3 O-O 12. h3 h6 13. Qd3 Nh5 14. Ne2 Qf6 15. Bd2
Bd7 16. a4 Kh8 17. Rac1 Rac8 18. Nh2 Nhf4 19. Nxf4 Nxf4 20. Qf3 g5 21. Ng4 Bxg4
22. hxg4 Kg7 23. g3 Nxd5 24. Qe2 Ne7 25. b5 axb5 26. axb5 Bd4 27. Kg2 Ng6 28.
Rc2 c6 29. Rfc1 c5 30. Bd5 Rc7 31. Ra2 Rd7 32. Bc4 Ne7 33. Rh1 Qg6 34. f4 gxf4
35. gxf4 exf4 36. Bxf4 Ng8 37. Bd3 Qf6 38. Qf3 Be5 39. Bxe5 Qxe5 40. Rh5 Qc3
41. Be2 Qxf3+ 42. Kxf3 b6 43. g5 Rd4 44. gxh6+ Nxh6 45. Bf1 f5 46. Rg2+ Kh7 47.
e5 Rg4 48. Rgh2 Rg6 49. Bd3 Kg7 50. Ra2 Rf7 51. Bc4 Re7 52. e6 Rg4 53. Bd5 Kg6
54. Rah2 Ng8 55. Rh8 Kf6 56. Re2 Kg7 57. Reh2 Nf6 58. Bc6 Rxe6 59. Rb8 f4 60.
Rxb6 Re3+ 61. Kf2 Rg5 62. Rb7+ Kg6 63. Bf3 Rg3 64. Bd1 Ne4+ 65. Kf1 f3 66. Rd7
Re1+ 67. Kxe1 Rg1# 0-1

[Event "36. Copenhagen Open (Politiken Cup)"]
[Site "Elsinore"]
[Date "2014.07.22"]
[Round "2"]
[White "Skjoldager, Per"]
[Black "Fries Nielsen, Jens Ove"]
[Result "0-1"]
[WhiteElo "2131"]
[BlackElo "2398"]
[PlyCount "50"]
[EventDate "2014.07.21"]
[EventType "swiss"]
[EventRounds "10"]
[EventCountry "DEN"]
[Source "ChessBase"]
[SourceDate "2014.08.29"]

1. e4 d6 2. d4 Nf6 3. Bd3 Nc6 4. c3 e5 5. Nf3 Bg4 6. d5 Ne7 7. h3 Bd7 8. Be3
Ng6 9. c4 Be7 10. Nc3 a5 11. Qd2 a4 12. Ne2 c5 13. Nc3 a3 14. O-O Nh5 15. Rfb1
Nhf4 16. b4 b6 17. bxc5 bxc5 18. Rb3 O-O 19. Ne2 Nxd3 20. Qxd3 f5 21. exf5 e4
22. Qc2 exf3 23. fxg6 fxe2 24. gxh7+ Kh8 25. Re1 Ba4 0-1

[Event "36. Copenhagen Open (Politiken Cup)"]
[Site "Elsinore"]
[Date "2014.07.22"]
[Round "2"]
[White "Skou, Niels"]
[Black "Kaasen, Tor Fredrik"]
[Result "1-0"]
[WhiteElo "2141"]
[BlackElo "1676"]
[PlyCount "33"]
[EventDate "2014.07.21"]
[EventType "swiss"]
[EventRounds "10"]
[EventCountry "DEN"]
[Source "ChessBase"]
[SourceDate "2014.08.29"]

1. Nf3 Nf6 2. c4 c5 3. g3 g6 4. Bg2 Bg7 5. O-O Nc6 6. Nc3 O-O 7. d4 cxd4 8.
Nxd4 Ne5 9. b3 e6 10. Ba3 d6 11. Ndb5 Ne8 12. Nxd6 Qa5 13. Ncb5 Nxc4 14. bxc4
Bxa1 15. Qxa1 a6 16. Nxc8 axb5 17. Ne7# 1-0

[Event "36. Copenhagen Open (Politiken Cup)"]
[Site "Elsinore"]
[Date "2014.07.22"]
[Round "2"]
[White "Smerdon, David"]
[Black "Andersen, Morten"]
[Result "1/2-1/2"]
[WhiteElo "2519"]
[BlackElo "2143"]
[PlyCount "93"]
[EventDate "2014.07.21"]
[EventType "swiss"]
[EventRounds "10"]
[EventCountry "DEN"]
[Source "ChessBase"]
[SourceDate "2014.08.29"]

1. e4 c5 2. c3 d5 3. exd5 Qxd5 4. d4 g6 5. Nf3 Bg7 6. Na3 cxd4 7. Bc4 Qe4+ 8.
Be3 Nh6 9. Bd3 Qg4 10. cxd4 O-O 11. h3 Qd7 12. g4 f6 13. Rc1 Nf7 14. h4 Qxg4
15. Rg1 Qh5 16. Be2 Bg4 17. Rc7 Nc6 18. Rxb7 Rab8 19. Rxb8 Rxb8 20. Nc4 Nb4 21.
Rg3 Nd5 22. Qa4 Nxe3 23. Nxe3 Bxf3 24. Bxf3 Qb5 25. Qxb5 Rxb5 26. b3 f5 27. Nc2
Bf6 28. h5 g5 29. Bc6 Rb6 30. Bd7 Nd6 31. b4 Kg7 32. a4 Kh6 33. b5 Kxh5 34. Ne3
Kg6 35. Nd5 Rb8 36. Re3 Kf7 37. Nxf6 Kxf6 38. Re6+ Kf7 39. d5 h5 40. Rh6 h4 41.
f4 gxf4 42. Ke2 Rd8 43. Be6+ Kg7 44. Rxh4 Kf6 45. Rxf4 Rh8 46. Rb4 Rh2+ 47. Kd3
1/2-1/2

[Event "36. Copenhagen Open (Politiken Cup)"]
[Site "Elsinore"]
[Date "2014.07.22"]
[Round "2"]
[White "Sorensen, Bernhard W"]
[Black "Bjorn, Lasse E"]
[Result "0-1"]
[WhiteElo "1628"]
[BlackElo "1910"]
[PlyCount "82"]
[EventDate "2014.07.21"]
[EventType "swiss"]
[EventRounds "10"]
[EventCountry "DEN"]
[Source "ChessBase"]
[SourceDate "2014.08.29"]

1. e4 c5 2. Nf3 d6 3. d4 cxd4 4. Nxd4 Nf6 5. Nc3 a6 6. f3 e5 7. Nb3 Be6 8. Be3
Be7 9. Qd2 Nbd7 10. Be2 O-O 11. g4 Ne8 12. O-O-O Rc8 13. g5 b5 14. h4 Nb6 15.
Nd5 Nxd5 16. exd5 Bf5 17. Bd3 Bxd3 18. Qxd3 f5 19. f4 g6 20. Rdg1 Ng7 21. Kb1
Nh5 22. Qd2 Qc7 23. c3 a5 24. Nc1 Qc4 25. Ne2 b4 26. cxb4 exf4 27. Nxf4 Qe4+
28. Ka1 Rc2 29. Qd3 Nxf4 30. Qxe4 fxe4 31. bxa5 Nxd5 32. Rc1 Nxe3 33. Rxc2
Nxc2+ 34. Kb1 Nb4 35. a3 Nd3 36. b4 Rc8 37. a6 Bd8 38. b5 e3 39. a4 e2 40. a7
e1=Q+ 41. Rxe1 Nxe1 0-1

[Event "36. Copenhagen Open (Politiken Cup)"]
[Site "Elsinore"]
[Date "2014.07.22"]
[Round "2"]
[White "Sorensen, Dick"]
[Black "Hansen, Ole Foss"]
[Result "1-0"]
[WhiteElo "1977"]
[BlackElo "1766"]
[PlyCount "75"]
[EventDate "2014.07.21"]
[EventType "swiss"]
[EventRounds "10"]
[EventCountry "DEN"]
[Source "ChessBase"]
[SourceDate "2014.08.29"]

1. d4 d5 2. Nf3 Nf6 3. c4 e6 4. Nc3 b6 5. cxd5 Nxd5 6. e4 Nxc3 7. bxc3 Bb7 8.
Bd3 Nd7 9. O-O c5 10. Bb2 Nf6 11. Bb5+ Nd7 12. Ne5 Bc8 13. f4 Bd6 14. Qf3 Bxe5
15. fxe5 O-O 16. Qg3 a6 17. Bd3 Re8 18. Rf4 Nf8 19. Raf1 Ra7 20. Bb1 cxd4 21.
cxd4 a5 22. Rg4 g6 23. h4 Ba6 24. Rf2 h5 25. Rgf4 Ree7 26. Bd3 Bxd3 27. Qxd3
Nd7 28. Qf3 Nb8 29. d5 Qe8 30. g4 hxg4 31. Qxg4 exd5 32. exd5 Rxe5 33. Bxe5
Qxe5 34. Re4 Qd6 35. Re8+ Kg7 36. h5 Re7 37. Rxe7 Qxe7 38. Qd4+ 1-0

[Event "36. Copenhagen Open (Politiken Cup)"]
[Site "Elsinore"]
[Date "2014.07.22"]
[Round "2"]
[White "Stam, Bart"]
[Black "Jorgensen, Dennis"]
[Result "0-1"]
[WhiteElo "2017"]
[BlackElo "2216"]
[PlyCount "42"]
[EventDate "2014.07.21"]
[EventType "swiss"]
[EventRounds "10"]
[EventCountry "DEN"]
[Source "ChessBase"]
[SourceDate "2014.08.29"]

1. e4 c6 2. d4 d5 3. exd5 cxd5 4. Bd3 Nc6 5. c3 Qc7 6. h3 g6 7. Nf3 Bf5 8. Bxf5
gxf5 9. O-O Nf6 10. Nbd2 e6 11. Re1 Bd6 12. Qc2 O-O-O 13. Qd3 Kb8 14. b4 Ne4
15. Re2 Ne7 16. Bb2 Ng6 17. Qb5 Nf4 18. Re3 Rhg8 19. Nxe4 Rxg2+ 20. Kf1 fxe4
21. Nh4 Rh2 0-1

[Event "36. Copenhagen Open (Politiken Cup)"]
[Site "Elsinore"]
[Date "2014.07.22"]
[Round "2"]
[White "Strachan, Christian C"]
[Black "Hagen, Thorolf"]
[Result "1-0"]
[WhiteElo "1918"]
[BlackElo "1658"]
[PlyCount "78"]
[EventDate "2014.07.21"]
[EventType "swiss"]
[EventRounds "10"]
[EventCountry "DEN"]
[Source "ChessBase"]
[SourceDate "2014.08.29"]

1. e4 e5 2. Nf3 Nc6 3. Bc4 Nf6 4. d3 Bc5 5. c3 O-O 6. O-O d6 7. b4 Bb6 8. Nbd2
Bg4 9. h3 Bh5 10. Re1 Bg6 11. Nf1 h6 12. a4 a6 13. Ng3 Ne7 14. Be3 Bxe3 15.
fxe3 Nh5 16. Nxh5 Bxh5 17. d4 exd4 18. exd4 c6 19. Bd3 f6 20. Ra2 Rc8 21. g4
Bf7 22. Rd2 Ng6 23. e5 dxe5 24. dxe5 Qb6+ 25. Kh1 fxe5 26. Bxg6 Bxg6 27. Nxe5
Be8 28. Qb3+ Kh8 29. Qe6 Qc7 30. Rde2 Rd8 31. Qc4 Rd5 32. Qe4 Qd6 33. Qe3 Rd1
34. g5 Qd5+ 35. Kh2 Rxe1 36. Rxe1 hxg5 37. Re2 Rf4 38. Rd2 Qe4 39. Qc5 Qe1 1-0

[Event "36. Copenhagen Open (Politiken Cup)"]
[Site "Elsinore"]
[Date "2014.07.22"]
[Round "2"]
[White "Subramanian, Aditya"]
[Black "Tolba, Henri"]
[Result "1-0"]
[WhiteElo "1938"]
[BlackElo "1675"]
[PlyCount "41"]
[EventDate "2014.07.21"]
[EventType "swiss"]
[EventRounds "10"]
[EventCountry "DEN"]
[Source "ChessBase"]
[SourceDate "2014.08.29"]

1. d4 Nf6 2. Nf3 e6 3. g3 b6 4. Bg2 Bb7 5. O-O c5 6. c4 cxd4 7. Qxd4 Bc5 8. Qd1
O-O 9. Nc3 d5 10. Ne5 Ne4 11. Nxe4 dxe4 12. Qc2 Qd4 13. Bf4 Qd8 14. Bxe4 Bxe4
15. Qxe4 Nd7 16. Rad1 Nf6 17. Qf3 Qe8 18. Bg5 Rd8 19. Bxf6 Rxd1 20. Rxd1 gxf6
21. Nd7 1-0

[Event "36. Copenhagen Open (Politiken Cup)"]
[Site "Elsinore"]
[Date "2014.07.22"]
[Round "2"]
[White "Suntharalingam, Jarani"]
[Black "Nielsen, Kai Gylling"]
[Result "1/2-1/2"]
[WhiteElo "1646"]
[BlackElo "1897"]
[PlyCount "141"]
[EventDate "2014.07.21"]
[EventType "swiss"]
[EventRounds "10"]
[EventCountry "DEN"]
[Source "ChessBase"]
[SourceDate "2014.08.29"]

1. e4 b6 2. d4 Bb7 3. Bd3 e6 4. Nf3 c5 5. c3 d5 6. Qe2 Nf6 7. Nbd2 Be7 8. O-O
O-O 9. Re1 cxd4 10. Nxd4 Nc6 11. Nxc6 Bxc6 12. exd5 Qxd5 13. Nf3 Rad8 14. Bc4
Qh5 15. Nd4 Bd5 16. Bd3 Bd6 17. h3 Qxe2 18. Rxe2 e5 19. Nb5 Bb8 20. Bg5 Rfe8
21. Rd2 h6 22. Bxf6 gxf6 23. Rad1 a6 24. Na3 Bc7 25. Bxa6 Bxa2 26. Rd7 e4 27.
Be2 Rxd7 28. Rxd7 Be5 29. Nb5 Be6 30. Rd1 Kh7 31. Nd6 Rg8 32. Nxe4 Bxh3 33. Bf3
Bg4 34. Rd3 f5 35. Nd2 Bf4 36. Nb3 Re8 37. Kf1 h5 38. Bxg4 fxg4 39. Rd5 Kg6 40.
Rd3 Ra8 41. Nd4 Ra1+ 42. Ke2 Ra2 43. Kf1 Rxb2 44. Nc6 Bd2 45. Ne5+ Kg7 46. Nc4
Rb1+ 47. Ke2 Bg5 48. Rd5 f6 49. Nd6 Rb2+ 50. Kf1 Kg6 51. Ne4 Bf4 52. c4 Rc2 53.
c5 bxc5 54. Rxc5 Rxc5 55. Nxc5 h4 56. Nd3 Kf5 57. Nb4 Ke4 58. Nc2 f5 59. Ne1
Bd2 60. Nc2 f4 61. Na3 h3 62. gxh3 gxh3 63. Nc4 Bb4 64. Kg1 Kf3 65. Ne5+ Ke2
66. Kh2 Bd6 67. Ng4 Kf3 68. Kxh3 Bb8 69. Kh4 Ba7 70. Ne5+ Kxf2 71. Nd3+ 1/2-1/2

[Event "36. Copenhagen Open (Politiken Cup)"]
[Site "Elsinore"]
[Date "2014.07.22"]
[Round "2"]
[White "Svane, Minna"]
[Black "Dyrnes, Jussi"]
[Result "0-1"]
[WhiteElo "1278"]
[BlackElo "1834"]
[PlyCount "30"]
[EventDate "2014.07.21"]
[EventType "swiss"]
[EventRounds "10"]
[EventCountry "DEN"]
[Source "ChessBase"]
[SourceDate "2014.08.29"]

1. e4 Nf6 2. d3 e5 3. Nf3 Nc6 4. g3 Bc5 5. Bg2 O-O 6. O-O d5 7. Nbd2 Bg4 8. c3
Qd7 9. Qa4 Rad8 10. Qc2 d4 11. a4 dxc3 12. Nc4 Bxf3 13. Bxf3 Nd4 14. Nxe5 Qe6
15. bxc3 Nxc2 0-1

[Event "36. Copenhagen Open (Politiken Cup)"]
[Site "Elsinore"]
[Date "2014.07.22"]
[Round "2"]
[White "Svedberg, Hans"]
[Black "Rendlev, Niels Moller"]
[Result "1-0"]
[WhiteElo "1997"]
[BlackElo "1790"]
[PlyCount "59"]
[EventDate "2014.07.21"]
[EventType "swiss"]
[EventRounds "10"]
[EventCountry "DEN"]
[Source "ChessBase"]
[SourceDate "2014.08.29"]

1. e4 e6 2. d4 d5 3. Nc3 Nf6 4. e5 Nfd7 5. f4 c5 6. Nf3 Nc6 7. Be3 cxd4 8. Nxd4
Bb4 9. Qd2 Nxd4 10. Bxd4 Qa5 11. a3 Nc5 12. Bd3 Nxd3+ 13. cxd3 Bd7 14. O-O Bc5
15. Qe3 Rc8 16. b4 Bxd4 17. Qxd4 Qd8 18. Rac1 O-O 19. Qxa7 b6 20. Ne2 Ra8 21.
Qb7 Rxa3 22. Rc7 Bb5 23. Rfc1 Ra8 24. Qxb6 Bxd3 25. Nd4 Bc4 26. g3 Ra6 27. Qb7
Ra2 28. Nxe6 Ba6 29. Nxd8 Bxb7 30. Nxb7 1-0

[Event "36. Copenhagen Open (Politiken Cup)"]
[Site "Elsinore"]
[Date "2014.07.22"]
[Round "2"]
[White "Tallaksen, Henrik G"]
[Black "Rosell, Sven"]
[Result "1/2-1/2"]
[WhiteElo "1771"]
[BlackElo "1985"]
[PlyCount "87"]
[EventDate "2014.07.21"]
[EventType "swiss"]
[EventRounds "10"]
[EventCountry "DEN"]
[Source "ChessBase"]
[SourceDate "2014.08.29"]

1. e4 c5 2. Nc3 Nc6 3. f4 g6 4. Nf3 Bg7 5. Bb5 d6 6. O-O Nf6 7. d3 O-O 8. Qe1
Nd4 9. Bd2 Nxc2 10. Qh4 Nxa1 11. f5 a6 12. Bh6 axb5 13. Ng5 Nh5 14. Bxg7 Kxg7
15. g4 f6 16. gxh5 fxg5 17. Qxg5 e6 18. f6+ Kf7 19. Qh6 Ke8 20. Qxh7 Qd7 21.
f7+ Kd8 22. hxg6 Kc7 23. g7 Rxf7 24. Rxf7 Qxf7 25. g8=Q Qxh7 26. Qxh7+ Bd7 27.
Qg7 b4 28. Nd1 Rxa2 29. h4 Nc2 30. Nf2 Nd4 31. Ng4 Rxb2 32. Nf6 Nf3+ 33. Kf1
Ne5 34. Nxd7 Rb1+ 35. Ke2 Nxd7 36. Kd2 Rh1 37. e5 Rh2+ 38. Kc1 dxe5 39. Qg4 Kd6
40. Qg5 Nb6 41. Qd8+ Nd7 42. Qg5 Nb6 43. Qd8+ Nd7 44. Qg5 1/2-1/2

[Event "36. Copenhagen Open (Politiken Cup)"]
[Site "Elsinore"]
[Date "2014.07.22"]
[Round "2"]
[White "Tandrup, Michael"]
[Black "Krantz, Christopher"]
[Result "0-1"]
[WhiteElo "2019"]
[BlackElo "2219"]
[PlyCount "114"]
[EventDate "2014.07.21"]
[EventType "swiss"]
[EventRounds "10"]
[EventCountry "DEN"]
[Source "ChessBase"]
[SourceDate "2014.08.29"]

1. c4 e5 2. g3 Nf6 3. Bg2 h6 4. Nc3 Bb4 5. e4 d6 6. Nge2 Nc6 7. a3 Bc5 8. b4
Bb6 9. Na4 O-O 10. O-O Be6 11. d3 Qd7 12. Nxb6 axb6 13. b5 Ne7 14. f4 exf4 15.
Bxf4 Nh5 16. Be3 Bg4 17. Qd2 Rae8 18. Nd4 c5 19. Ne2 Bh3 20. Nf4 Nxf4 21. Bxf4
Bxg2 22. Kxg2 Ng6 23. a4 Ne5 24. a5 bxa5 25. Rxa5 f5 26. Re1 fxe4 27. Rxe4 Ng6
28. Ra2 Rxe4 29. dxe4 Nxf4+ 30. gxf4 Qg4+ 31. Kh1 Rxf4 32. Qe2 Rxe4 33. Qxg4
Rxg4 34. Ra7 Rxc4 35. Rxb7 Rb4 36. Rd7 Rxb5 37. Rxd6 Rb2 38. Rd7 Kh7 39. Rc7
Rc2 40. Rc6 g5 41. h3 c4 42. Kg1 c3 43. Kf1 Rc1+ 44. Kg2 Kg7 45. Kh2 h5 46. Kg2
Kf7 47. Kf3 Ke7 48. Ke4 c2 49. Kd3 Rh1 50. Rxc2 Rxh3+ 51. Ke4 Rg3 52. Kf5 h4
53. Rc6 h3 54. Rh6 g4 55. Kf4 Rg2 56. Ke5 h2 57. Rh7+ Kd8 0-1

[Event "36. Copenhagen Open (Politiken Cup)"]
[Site "Elsinore"]
[Date "2014.07.22"]
[Round "2"]
[White "Tari, Aryan"]
[Black "Andersen, Rune Egede"]
[Result "1-0"]
[WhiteElo "2412"]
[BlackElo "2132"]
[PlyCount "77"]
[EventDate "2014.07.21"]
[EventType "swiss"]
[EventRounds "10"]
[EventCountry "DEN"]
[Source "ChessBase"]
[SourceDate "2014.08.29"]

1. c4 e5 2. Nc3 Nf6 3. Nf3 Nc6 4. g3 d5 5. cxd5 Nxd5 6. Bg2 Be6 7. O-O Be7 8.
d4 exd4 9. Nxd4 Nxd4 10. Qxd4 Nxc3 11. Qxc3 O-O 12. e4 a5 13. Be3 Bb4 14. Qc2
a4 15. e5 c6 16. f4 Ra5 17. a3 Bb3 18. Qf2 Be7 19. Rac1 Rb5 20. Rfe1 Qd7 21.
Re2 Rd8 22. Bb6 Re8 23. Rd2 Qe6 24. Re1 c5 25. Bc7 c4 26. f5 Qh6 27. Kh1 c3 28.
bxc3 Bxa3 29. Bd6 Rd8 30. Rde2 Bc1 31. e6 a3 32. Bc7 Ra8 33. e7 Re8 34. Qd4 f6
35. c4 Re5 36. Bxe5 fxe5 37. Qd5+ Kh8 38. Qf7 Ba4 39. Qf8+ 1-0

[Event "36. Copenhagen Open (Politiken Cup)"]
[Site "Elsinore"]
[Date "2014.07.22"]
[Round "2"]
[White "Thogersen, Rasmus"]
[Black "Salomon, Johan"]
[Result "1-0"]
[WhiteElo "2089"]
[BlackElo "2346"]
[PlyCount "67"]
[EventDate "2014.07.21"]
[EventType "swiss"]
[EventRounds "10"]
[EventCountry "DEN"]
[Source "ChessBase"]
[SourceDate "2014.08.29"]

1. e4 e5 2. Nf3 Nc6 3. Bb5 a6 4. Ba4 Nf6 5. O-O Be7 6. Re1 b5 7. Bb3 O-O 8. h3
Bb7 9. d3 d6 10. c3 Nb8 11. Nbd2 Nbd7 12. Nf1 Nc5 13. Bc2 Re8 14. Ng3 Bf8 15.
b4 Ncd7 16. d4 g6 17. a4 exd4 18. cxd4 c5 19. e5 Nd5 20. Bg5 Qb6 21. dxc5 dxc5
22. Be4 Qe6 23. Ne2 Rab8 24. axb5 axb5 25. Ra7 Nxe5 26. Rxb7 Nxf3+ 27. Bxf3 Nc3
28. Qd7 Rxb7 29. Qxb7 c4 30. Bd2 Re7 31. Nxc3 Rxb7 32. Rxe6 Rd7 33. Re2 Bxb4
34. Nd5 1-0